02129nam a2200265 i 4500003000900000005001700009007000300026008004100029020001800070040003000088041000800118082001800126100004600144245010500190250002200295264005100317300002500368336002700393337003300420338002800453490001000481500007100491520124400562700005701806DO-SdBNP20250811073846.0ta250811t2025 dr 000 0 spa d z9789945952032 aDO-SdBNPbspacBNPHUerda aspa axxxxbO492221 aOlivo Peña, Gustavod1958-eautor4aut.10aDesde un costado de la (des) memoria /cGustavo Olivo Peña ; presentación, Rafael Peralta Romero aPrimera edición aSanto Domingo :bRío de Oro Editores,c2025. a93 páginasc22 cm. atextobtxt2rdacontent asin mediaciónbn2rdamedia avolumenbnc2rdacarrier1 aLogos aIncluye datos biográficos del autor en la solapa de la cubierta. aJueces, maestros, policías, militares de pistola y fusta, muertos vivos, engendros de la noche y reflexivos homicidas habitan estas páginas… Una implacable vitrina variopinta de ejemplares cercados por sus circunstancias, siempre al borde del desbarrancadero de lo humano, encarnando pasiones, dolores, añoranzas, indecibles crueldades o altruismos, viviendo, en fin, respirando, amando y muriendo en buena lid bajo el mágico hechizo que nos depara la ficción… Como un discreto y detallista orfebre, Olivo ha ido poblando su mundo literario con historias y seres que pugnan por entrar a un imaginario más vasto, tornándose metáforas de elevado nivel. Un juez ya no es un juez, sino la «justicia», un asesino es un espejo, un artista, un abismo… Nada desdeña Olivo, ni se encasilla en fronteras genéricas. Con la misma soltura transita del texto clásico y realista a la nota folclórica, la crónica popular y el mito, construyendo una obra que empieza a dialogar con las mejores tradiciones del cuento latinoamericano. Amenos, conmovedores, impactantes, estos relatos concebidos «desde un costado de la des(memoria)» nos mirarán de frente, grabándose en el alma. Muchos no podrán sostener la mirada.1 aPeralta Romero, Rafael,d1948-epresentación4pre.